La risa

Salvato in:
Dettagli Bibliografici
Autore principale: Bergson, Henri (Autore)
Natura: Libro
Lingua:spagnolo
Pubblicazione: Madrid SARPE 1985
Edizione:1a. ed
Serie:Los Grandes Pensadores, 55
Soggetti:
Tags: Aggiungi Tag
Nessun Tag, puoi essere il primo ad aggiungerne!!

MARC

LEADER 00000cam a2200000 a 4500
001 UCE2297
003 CL-VaPUC
008 140619e19850000sp |||||||||||||||||spa|d
020 |a 8459902668 
082 0 4 |a 110  |b BER  |2 21 
100 |a Bergson, Henri  |e author  |9 574755 
245 1 3 |a La risa 
250 |a 1a. ed 
300 |a 178 p 
942 |c BK 
945 |d 20140619 13:53:00  |a dcastane 
260 |a Madrid  |b SARPE  |c 1985 
650 0 |a Metafísica  |9 265649 
650 7 |a RISA  |2 CL-VaPUC  |9 334753 
650 0 |a Filosofía del espíritu  |9 320175 
650 0 |a Emociones   |9 265224 
650 0 |a Felicidad  |9 257029 
650 7 |a HUMOR  |2 CL-VaPUC  |9 337105 
583 |a last modification  |c 20140619 13:53:00  |k Rodrigo Vera 
490 0 |a Los Grandes Pensadores, 55 
999 |c 355935  |d 355933 
952 |0 0  |1 0  |3 erd  |4 0  |6 110_000000000000000_BER_1985  |7 0  |8 X  |9 462921  |a FDOBUD  |b FDOBUD  |i 5042860  |o 110 BER 1985  |p 5042860  |r 2019-11-23  |w 2019-11-23  |y BK_X  |z Catalogado en:20140619  |k BUD